An essay on the contempt of the world /

Bibliographic Details
Main Author: Nicholls, William, 1664-1712
Format: Microform Book
Language:English
Series:Early English books, 1641-1700 ; 746:60.
Subjects:

MARC

Tag First Indicator Second Indicator Subfields
LEADER 00000cam a2200000 a 4500
001 in00000945921
005 20150925155938.0
007 hd afv|||baca
008 860207s1694 miu a 00010 eng d
035 |a (OCoLC)13118923 
035 |9 AES8878AM 
037 |a CL0037000022  |b UMI 
037 |b University Microfilms International, 300 N. Zeeb Road, Ann Arbor, MI 48106. 
040 |a EAA  |c EAA  |d m/c  |d UtOrBLW 
049 |a TXAI 
099 |a film   |a  B   |a  3609 
100 1 |a Nicholls, William,  |d 1664-1712. 
245 1 3 |a An essay on the contempt of the world /  |c by William Nicholls ... 
264 3 |a [London] In the Savoy :  |b Printed by E. Jones for Francis Saunders ...,  |c 1694. 
300 |a 16 unnumbered pages, 220 pages, 3 unnumbered pages 
336 |a text  |b txt  |2 rdacontent 
337 |a microform  |b h  |2 rdamedia 
338 |a microfilm reel  |b hd  |2 rdacarrier 
500 |a Advertisement: pages [1]-[2] at end. 
500 |a Errata: page [3] at end. 
500 |a Reproduction of original in Huntington Library. 
510 4 |a Wing  |c N1097 
510 4 |a Arber's Term cat.  |c II 499 
533 |a Microfilm.  |b Ann Arbor, Mich. :  |c University Microfilms International,  |d 1977.  |e 1 microfilm reel ; 35 mm.  |f (Early English books, 1641-1700 ; 746:60) 
500 |a Microform. 
650 0 |a Asceticism. 
830 0 |a Early English books, 1641-1700 ;  |v 746:60. 
999 |a MARS 
999 f f |s 6a457452-d133-3600-b6e8-ca6b443d7450  |i b2b5c6d3-841e-3a83-9131-d518d0344f02  |t 0 
952 f f |p default  |a Texas A&M University  |b College Station  |c Sterling C. Evans Library  |d Evans: Microforms (3rd floor)  |t 0  |e film B 3609 746:60  |h Other scheme  |i microform -- microfilm reel 
998 f f |a film B 3609 746:60  |t 0  |l Evans: Microforms (3rd floor)